| 000 | 00648nam a2200193 i 4500 | ||
|---|---|---|---|
| 001 | 98072 | ||
| 003 | ES-MaACL | ||
| 005 | 20230906182218.0 | ||
| 007 | t| | ||
| 008 | 050721s1917 cu |||| | spa d | ||
| 100 | 1 |
_aMárquez Sterling, Manuel. _977038 |
|
| 245 | 1 | 4 |
_aLos últimos días del presidente Madero _b: (mi gestión diplomática en México) / _cManuel Márquez Sterling. |
| 260 |
_aLa Habana : _b[s.n.], _c1917 ( _fImp. Siglo XX) |
||
| 300 |
_a686 p. ; _c18 cm. |
||
| 600 | 1 | 4 |
_aMadero, Francisco I. _975316 |
| 651 | 4 |
_aMéxico- _xHistoria- _z1910-1946. _99066 |
|
| 651 | 4 |
_aCuba- _xRelaciones- _zMéxico. _98116 |
|
| 852 |
_aES-MaACL _jG-408 |
||
| 999 |
_c98072 _d98072 |
||